| 000 | 00450nam a22001697a 4500 | ||
|---|---|---|---|
| 003 | OSt | ||
| 005 | 20211209115112.0 | ||
| 008 | 211209b |||||||| |||| 00| 0 eng d | ||
| 020 | _a0-8134-2940-4 | ||
| 040 | _cHawassa University | ||
| 050 |
_a690.867/BOY _b1 |
||
| 082 |
_23 _a690.867/BOY _b1 |
||
| 100 |
_aBoyd Virginia T. _922388 |
||
| 245 | _aPractical farm buildings | ||
| 260 |
_aU.K _bInterstate Publishing ,Inc _c1993 |
||
| 942 |
_2ddc _cBOOKS _n0 |
||
| 999 |
_c22064 _d22064 |
||